| 000 | 01225nam a2200229Ia 4500 | ||
|---|---|---|---|
| 999 |
_c50788 _d50788 |
||
| 001 | 17740 | ||
| 003 | GE_BSU | ||
| 005 | 20250911164731.0 | ||
| 008 | 181216s2015||||ge |||||||||||||| ||geo|| | ||
| 020 | _a9789941459269 | ||
| 040 | _cGE_BSU | ||
| 041 | _ageo | ||
| 080 | _a664.02.(072) გ-59 | ||
| 100 |
_aგოგიშვილი, ნანა _917001 |
||
| 245 |
_aკვების საწარმოების მადოზირებელი და შესაფუთი მოწყობილობები : _b[დამხმარე სახელმძღვანელო] / _cნანა გოგიშვილი; რედაქტორი მალხაზ მიქაბერიძე. |
||
| 264 |
_aქუთაისი : _bაკაკი წერეთლის სახ. უნ-ტი, _c2015. |
||
| 300 |
_a270 გვ.: _b ნახ. ; _c20 სმ. |
||
| 504 | _a ბიბლიოგრაფია: გვ. 267. | ||
| 653 | _aკვების საწარმოების შესაფუთი მოწყობილობები | ||
| 700 |
_aმიქაბერიძე, მალხაზ _eრედაქტორი _925796 |
||
| 942 |
_cBK _2udc |
||